000 00185nam a22000977a 4500
245 _aXam Idea Physics
250 _a2024
260 _bV.K. Publicatoin
300 _a576
942 _2ddc
_cSB
999 _c9077
_d9077